| 000 | 01149cam a2200325 i 4500 | ||
|---|---|---|---|
| 001 | 18262085 | ||
| 003 | SISC | ||
| 005 | 20161103114715.0 | ||
| 008 | 140806t20162016moua b 001 0 eng | ||
| 010 | _a 2014031230 | ||
| 020 | _a9780323187657 (pbk.) | ||
| 020 | _a032318765X (pbk.) | ||
| 035 | _a(DNLM)101638782 | ||
| 040 |
_aDNLM/DLC _cDLC _erda _dDLC |
||
| 042 | _apcc | ||
| 050 | 0 | 0 |
_aRM 300 _b.Ed36 2016 |
| 060 | 1 | 0 | _aQV 38 |
| 082 | 0 | 0 | _a615.5/8 |
| 100 | 1 |
_aEdmunds, Marilyn W., _eauthor |
|
| 245 | 1 | 0 |
_aIntroduction to clinical pharmacology / _cMarilyn Winterton Edmunds, PhD, ANP/GNP, Adjunct faculty, Johns Hopkins University School of Nursing, Baltimore, Maryland. |
| 250 | _a8th edition. | ||
| 260 |
_aUSA : _bElsevier, _c2016. |
||
| 300 |
_axiv, 482 pages : _bcolor illustrations ; _c28 cm. |
||
| 500 | _aIncludes bibliographical references and index. | ||
| 650 | 1 | 2 |
_aPharmacology, Clinical _vNurses' Instruction. |
| 650 | 2 | 2 |
_aDrug Therapy _vNurses' Instruction. |
| 906 |
_a7 _bcbc _corignew _d1 _eecip _f20 _gy-gencatlg |
||
| 942 |
_2lcc _cBK |
||
| 999 |
_c305170 _d305170 |
||